| 000 | 00582cam a2200217 4500 | ||
|---|---|---|---|
| 008 | 090401t1991 xxu||||| |||| 00| 0 eng d | ||
| 020 | _a0851254713 | ||
| 035 | _a(Sirsi) u27404 | ||
| 041 | _aeng | ||
| 050 | _a693.97 | ||
| 110 | _aBuilding Research Establishment | ||
| 245 | _aMowlem in-situ concrete low-rise dwellings. | ||
| 260 |
_aGarston, Watford _bBRE _c1991 |
||
| 300 | _a(4)p. ; 30cm. | ||
| 350 | _a0 | ||
| 490 |
_aBRE Building Renewal _v190 |
||
| 650 | _aCONCRETE HOUSES | ||
| 690 | _aBUILT ENVIRONMENT-CONSTRUCTION DESIGN | ||
| 942 | _n0 | ||
| 948 | _c04/03/1997 | ||
| 999 |
_c89109 _d89109 |
||